| 000 | 01487cam a2200313 i 4500 | ||
|---|---|---|---|
| 003 | SA-RiAUC | ||
| 005 | 20250308141651.0 | ||
| 008 | 250304s1995 ts g b 000r0 ara c | ||
| 040 |
_aSA-RiAUC _bara _cSA-RiAUC _erda |
||
| 082 | 0 | 4 | _a417 |
| 090 |
_a417 _b ا ب و ب |
||
| 100 | 1 |
_aأبو بكر الزبيدي، محمد بن الحسن بن عبيد الله، _d316-379 هجري _eمؤلف. |
|
| 245 | 1 | 2 |
_aالزيادات على كتاب إصلاح لحن العامية بالأندلس / _cأبي بكر محمد بن حسن الزبيدي الإشبيلي ؛ دراسة ونصوص عبد العزيز الساوري. |
| 250 | _aالطبعة الأولى. | ||
| 264 | 1 |
_aدبي، الإمارات العربية المتحدة : _bمركز جمعة الماجد للثقافة والتراث، _c1995 |
|
| 300 |
_a55 صفحة ؛ _c24 سم. |
||
| 336 |
_aنص _btxt _2rdacontent _3كتاب |
||
| 337 |
_aبدون وسيط _bn _2rdamedia |
||
| 338 |
_aمجلد _bnc _2rdacarrier |
||
| 440 | 0 | _aكيف تحيا | |
| 504 | _aببليوجرافية : صفحة 47-52. | ||
| 650 | 7 |
_aاللغة العربية _xإملاء وتهجئة _2aucsh |
|
| 650 | 7 |
_aاللغة العربية _xنحو _2aucsh |
|
| 700 | 1 |
_aالساوري، عبد العزيز _eمحقق. |
|
| 740 | 0 | _aكتاب إصلاح لحن العامية بالأندلس. | |
| 740 | 0 | _aإصلاح لحن العامية بالأندلس. | |
| 942 |
_2ddc _cBOOK _n0 |
||
| 949 |
_aSA-JeALM _d250304 _umohamedma123 _n1 |
||
| 999 |
_c6314 _d6314 |
||